[Event "KONIK MORSKI REWALA 2013<br>Miedzynarodo"]
[Site "<font size="]
[Date "2013.08.20"]
[Round "1.1"]
[White "Malaniuk, Vladimir P"]
[Black "Siedlinski, Piotr"]
[Result "1-0"]
[WhiteElo "2528"]
[BlackElo "2092"]
[PlyCount "85"]
[EventDate "2013.??.??"]

1. d4 d5 2. c4 e6 3. Nc3 Nf6 4. cxd5 exd5 5. Bg5 Be7 6. e3 Nbd7 7. Bd3 O-O 8.
Nf3 c6 9. Qc2 Re8 10. h3 Nf8 11. Bf4 Bd6 12. Bxd6 Qxd6 13. O-O-O Qe7 14. g4 Ne4
15. Bxe4 dxe4 16. Nd2 Be6 17. Ncxe4 Bd5 18. f3 Qe6 19. a3 Qh6 20. Rde1 Ng6 21.
h4 Nxh4 22. g5 Qh5 23. Nd6 Qxg5 24. Nxe8 Rxe8 25. Qd3 Ng6 26. Rhg1 Qf6 27. Kb1
h5 28. f4 Qh4 29. Qf1 Be4+ 30. Nxe4 Rxe4 31. Qg2 Qe7 32. Qf2 Nf8 33. Rg5 Ne6
34. Re5 Rxe5 35. dxe5 Nc5 36. Qc2 Qh4 37. Rg1 b6 38. Qg2 g6 39. f5 Qe4+ 40.
Qxe4 Nxe4 41. fxg6 fxg6 42. Rxg6+ Kf7 43. Rxc6 1-0

[Event "KONIK MORSKI REWALA 2013<br>Miedzynarodo"]
[Site "<font size="]
[Date "2013.08.20"]
[Round "1.2"]
[White "Adamowicz, Maciej"]
[Black "Stachowiak, Kamil"]
[Result "0-1"]
[WhiteElo "2071"]
[BlackElo "2470"]
[PlyCount "110"]
[EventDate "2013.??.??"]

1. c4 e6 2. Nf3 Nf6 3. g3 d5 4. Bg2 Be7 5. O-O O-O 6. b3 a5 7. Bb2 c6 8. d3
Nbd7 9. a3 b5 10. Nbd2 Ba6 11. Qc2 Qb6 12. e4 bxc4 13. bxc4 dxe4 14. dxe4 Nc5
15. Rab1 Qc7 16. e5 Nfd7 17. Rfe1 Rab8 18. Nd4 Nxe5 19. Nxe6 Nxe6 20. Bxe5 Bd6
21. Bb2 Rfd8 22. Nf3 h6 23. Ne5 Rb6 24. Bc3 Rxb1 25. Qxb1 Bxe5 26. Bxe5 Qd7 27.
Qe4 Ng5 28. Qe2 Re8 29. h4 f6 30. hxg5 Rxe5 31. Qd1 Qxd1 32. Rxd1 Rxg5 33. Bxc6
Bxc4 34. Kg2 Rc5 35. Be4 f5 36. Bf3 Be6 37. Bh5 Kf8 38. Re1 Ke7 39. Bf3 Kf6 40.
Re3 g5 41. Bb7 Rb5 42. Bc6 Rb3 43. Rxb3 Bxb3 44. Kf3 Ke5 45. Ke3 f4+ 46. Kd3
Bd5 47. Bd7 h5 48. Bh3 Bf3 49. Bf1 Bd5 50. Be2 h4 51. gxh4 gxh4 52. Bf1 Be6 53.
Bg2 h3 54. Bh1 Bd5 55. f3 Bb7 0-1

[Event "KONIK MORSKI REWALA 2013<br>Miedzynarodo"]
[Site "<font size="]
[Date "2013.08.20"]
[Round "1.3"]
[White "Sieciechowicz, Marcin"]
[Black "Khamidov, Komil"]
[Result "1-0"]
[WhiteElo "2458"]
[BlackElo "2068"]
[PlyCount "180"]
[EventDate "2013.??.??"]

1. d4 d5 2. c4 c6 3. Nf3 Nf6 4. Nc3 dxc4 5. a4 Bg4 6. e4 e5 7. dxe5 Qxd1+ 8.
Kxd1 Nfd7 9. Bf4 g6 10. Bxc4 Bg7 11. Be2 Na6 12. h3 Bxf3 13. Bxf3 Nxe5 14. Be2
Nb4 15. Be3 O-O 16. Kc1 Rfd8 17. a5 Ned3+ 18. Kb1 Bd4 19. Bxd4 Rxd4 20. Rd1
Rad8 21. Ra4 b5 22. axb6 axb6 23. Bxd3 Rxd3 24. Rxd3 Nxd3 25. Ra6 Rb8 26. f3
Nf4 27. Na4 b5 28. Nc5 Rc8 29. Nb7 Nxg2 30. Nd6 Rf8 31. Rxc6 Nf4 32. Nxb5 Nxh3
33. Nd6 Ng1 34. f4 h5 35. Rc2 Kg7 36. b4 h4 37. Rh2 Rh8 38. b5 h3 39. b6 Nf3
40. Rh1 h2 41. b7 Rb8 42. Kc2 Kf6 43. Kd3 Ke6 44. e5 f6 45. Ke3 fxe5 46. Ne4
Nh4 47. Rxh2 Nf5+ 48. Kf3 exf4 49. Rd2 Ke5 50. Nc5 Nd4+ 51. Kg4 Kd5 52. Nb3 Kc4
53. Nxd4 Rxb7 54. Nf3 Kc3 55. Rd6 Rb2 56. Rc6+ Kd3 57. Kxf4 g5+ 58. Nxg5 Rb4+
59. Kf3 Kd4 60. Rc1 Rb8 61. Ne6+ Kd5 62. Nf4+ Ke5 63. Ke3 Re8 64. Ra1 Kf5+ 65.
Kf3 Re5 66. Rh1 Re8 67. Rh5+ Kf6 68. Ra5 Rg8 69. Nd5+ Ke6 70. Ke4 Rg1 71. Nf4+
Kd6 72. Ra6+ Kc5 73. Ne6+ Kb5 74. Ra8 Re1+ 75. Kd5 Kb4 76. Nd4 Rh1 77. Rb8+ Kc3
78. Rb3+ Kd2 79. Nf3+ Kc2 80. Kc4 Rh8 81. Nd4+ Kd2 82. Rd3+ Ke1 83. Rf3 Kd2 84.
Ne6 Rh4+ 85. Nf4 Rh8 86. Kd4 Rd8+ 87. Nd5 Ke2 88. Rh3 Ra8 89. Nc3+ Kf2 90. Ne4+
Ke2 {TIME} 1-0

[Event "KONIK MORSKI REWALA 2013<br>Miedzynarodo"]
[Site "<font size="]
[Date "2013.08.20"]
[Round "1.6"]
[White "Harazinska, Ewa"]
[Black "Weichhold, Pawel"]
[Result "0-1"]
[WhiteElo "2041"]
[BlackElo "2420"]
[PlyCount "190"]
[EventDate "2013.??.??"]

1. d4 Nf6 2. c4 g6 3. Nc3 Bg7 4. e4 d6 5. Nf3 O-O 6. Be2 c5 7. O-O cxd4 8. Nxd4
Nc6 9. Be3 Bd7 10. Nb3 Be6 11. Rc1 a5 12. Nd2 Nd7 13. b3 Nc5 14. Nd5 Bxd5 15.
exd5 Nd4 16. Nf3 Nxf3+ 17. Bxf3 Qb6 18. Qd2 Rfc8 19. Rfe1 Rc7 20. Bg5 Be5 21.
Rb1 Qb4 22. Qc2 a4 23. Bd2 axb3 24. axb3 Qa3 25. Bc3 Bxc3 26. Qxc3 Ra6 27. Bd1
Na4 28. Qd4 Qb4 29. Bc2 Nc5 30. Re3 Ra2 31. Ra1 Rxa1+ 32. Qxa1 Qd2 33. Bd1 b6
34. g3 h5 35. h4 Qa5 36. Qb2 Ra7 37. b4 Qa1 38. Qxa1 Rxa1 39. bxc5 Rxd1+ 40.
Kg2 dxc5 41. Rxe7 Rd4 42. Re8+ Kg7 43. Rb8 Rxc4 44. Rxb6 Rd4 45. d6 Kf6 46. Rc6
Rd5 47. Kf3 Ke6 48. Ke4 f5+ 49. Ke3 Kd7 50. Rc7+ Kxd6 51. Rg7 Re5+ 52. Kd3 Re6
53. Rg8 Kd5 54. Rd8+ Rd6 55. Rg8 c4+ 56. Kc3 Ke4 57. Ra8 Kf3 58. Ra2 Rc6 59.
Rd2 f4 60. gxf4 Kxf4 61. Rd4+ Kf3 62. Rd2 Rf6 63. Rd4 Kxf2 64. Kxc4 Kg3 65. Kd3
Rf4 66. Rd6 Rg4 67. Ke3 Kxh4 68. Kf3 Kg5 69. Rd5+ Kh6 70. Rd6 Ra4 71. Kg3 Re4
72. Rc6 Kg5 73. Rc5+ Kf6 74. Kf3 Re5 75. Rc8 Kf5 76. Rf8+ Kg5 77. Kg3 h4+ 78.
Kh3 Re3+ 79. Kg2 Kg4 80. Ra8 Re2+ 81. Kf1 Rd2 82. Ra4+ Kh5 83. Ra5+ g5 84. Kg1
Rb2 85. Kh1 Re2 86. Kg1 Kg4 87. Kf1 Re4 88. Ra3 Rb4 89. Kg2 Rb2+ 90. Kg1 h3 91.
Ra4+ Kh5 92. Ra3 Kh4 93. Ra4+ g4 94. Ra3 Re2 95. Kf1 h2 0-1

[Event "KONIK MORSKI REWALA 2013<br>Miedzynarodo"]
[Site "<font size="]
[Date "2013.08.20"]
[Round "1.7"]
[White "Rudolf, Michal"]
[Black "Smolka, Marcin"]
[Result "0-1"]
[WhiteElo "2367"]
[BlackElo "2040"]
[PlyCount "118"]
[EventDate "2013.??.??"]

1. e4 e5 2. Nf3 Nc6 3. Bb5 a6 4. Ba4 Nf6 5. O-O Nxe4 6. d4 b5 7. Bb3 d5 8. dxe5
Be6 9. Nbd2 Nc5 10. c3 g6 11. Bc2 Bg7 12. Nd4 Nxe5 13. f4 Ned3 14. f5 gxf5 15.
Nxf5 Bxf5 16. Rxf5 Qe7 17. Nf1 Qe1 18. Qxe1+ Nxe1 19. Bb1 c6 20. Be3 Ncd3 21.
Bf2 b4 22. Bd4 Bxd4+ 23. cxd4 O-O-O 24. b3 Rde8 25. Bxd3 Nxd3 26. Rd1 Ne1 27.
Rd2 Re7 28. Kf2 Rhe8 29. Rh5 Re4 30. Rf5 R8e7 31. g3 Kd7 32. Rf4 R4e6 33. g4
Ke8 34. g5 Re2+ 35. Rxe2 Nd3+ 36. Kf3 Rxe2 37. Kxe2 Nxf4+ 38. Ke3 Nh3 39. Ng3
Nxg5 40. Kf4 f6 41. Nh5 Kf7 42. Ke3 Ne6 43. Ng3 Ng5 44. Ne2 Ne4 45. Nc1 Ke6 46.
Nd3 a5 47. Nc1 Kf5 48. Kf3 Kg5 49. Nd3 Nc3 50. Nc1 f5 51. Kg3 f4+ 52. Kf3 Kf5
53. h4 h5 54. Nd3 Nxa2 55. Nxf4 Nc1 56. Nxh5 Nxb3 57. Ng3+ Kf6 58. Nh5+ Kf7 59.
Ke3 a4 0-1

[Event "KONIK MORSKI REWALA 2013<br>Miedzynarodo"]
[Site "<font size="]
[Date "2013.08.20"]
[Round "1.8"]
[White "Puczylowski, Marcin"]
[Black "Ziaziulkina, Nastassia"]
[Result "0-1"]
[WhiteElo "2033"]
[BlackElo "2340"]
[PlyCount "40"]
[EventDate "2013.??.??"]

1. d4 d5 2. c4 e6 3. Nc3 c6 4. Nf3 dxc4 5. a4 Bb4 6. g3 c5 7. Bg2 Nc6 8. O-O
cxd4 9. Nb5 e5 10. Qc2 a6 11. Na3 Bxa3 12. Rxa3 Be6 13. Nd2 Rc8 14. Nxc4 Nb4
15. Qd2 Rxc4 16. b3 Rc3 17. f4 Nc2 18. f5 Bd5 19. e4 Bc6 20. Ra2 Ne3 0-1

[Event "KONIK MORSKI REWALA 2013<br>Miedzynarodo"]
[Site "<font size="]
[Date "2013.08.20"]
[Round "1.9"]
[White "Popiol, Michal"]
[Black "Wozniak, Mariola"]
[Result "0-1"]
[WhiteElo "1871"]
[BlackElo "2028"]
[PlyCount "72"]
[EventDate "2013.??.??"]

1. d4 d5 2. c4 dxc4 3. e4 e5 4. Nf3 Bb4+ 5. Bd2 Bxd2+ 6. Nbxd2 exd4 7. Bxc4 Nc6
8. O-O Nf6 9. e5 Nd5 10. Nb3 Bg4 11. Bb5 Nde7 12. Nbxd4 Bxf3 13. Nxf3 O-O 14.
Qe2 Qc8 15. Rad1 Qg4 16. h3 Qf5 17. Bd3 Qh5 18. Be4 Rae8 19. Qb5 Nd8 20. Rd7 c6
21. Qd3 Ng6 22. Bxg6 fxg6 23. Re1 Ne6 24. Rxb7 g5 25. Rxa7 g4 26. hxg4 Qxg4 27.
Nh2 Qh4 28. g3 Qh5 29. Qc4 Rxf2 30. Ng4 Rd2 31. Qxc6 Qg6 32. Qe4 Qh5 33. Ra4
Ng5 34. Qc4+ Kh8 35. Re2 Rd1+ 36. Kf2 Qh1 0-1

[Event "KONIK MORSKI REWALA 2013<br>Miedzynarodo"]
[Site "<font size="]
[Date "2013.08.21"]
[Round "1.10"]
[White "Kasperek, Joanna"]
[Black "Licznerski, Lukasz"]
[Result "1/2-1/2"]
[WhiteElo "2013"]
[BlackElo "2332"]
[PlyCount "99"]
[EventDate "2013.??.??"]

1. e4 c6 2. d4 d5 3. exd5 cxd5 4. c4 Nf6 5. Nc3 g6 6. Nf3 Bg7 7. Qb3 O-O 8.
cxd5 Nbd7 9. Be2 Nb6 10. O-O Nfxd5 11. a4 Be6 12. Qd1 Nxc3 13. bxc3 Nc4 14. Bf4
Bd5 15. Re1 e6 16. Qc1 Rc8 17. Bxc4 Rxc4 18. Ne5 Rc8 19. Qd2 f6 20. Nd3 a5 21.
Rac1 Re8 22. h3 Bc4 23. Nb2 Qd5 24. Nxc4 Rxc4 25. Ra1 Rec8 26. Qe2 e5 27. Bd2
exd4 28. cxd4 f5 29. Rec1 Bxd4 30. Rab1 Rxc1+ 31. Rxc1 Rxc1+ 32. Bxc1 Kf7 33.
Bg5 Be5 34. f4 Bd6 35. Qb2 Bf8 36. Kh2 Bg7 37. Qb6 h6 38. Bd8 Qe4 39. Qb3+ Ke8
40. Bc7 Kd7 41. Bb8 Bf8 42. Qf7+ Be7 43. Qxg6 Qxa4 44. Qxf5+ Kd8 45. Qd5+ Kc8
46. Be5 Bd8 47. Qe6+ Qd7 48. Qxh6 a4 49. Qf8 b6 50. Qb4 1/2-1/2

[Event "KONIK MORSKI REWALA 2013<br>Miedzynarodo"]
[Site "<font size="]
[Date "2013.08.20"]
[Round "1.11"]
[White "Skawinski, Arkadiusz"]
[Black "Nowak, Lukasz"]
[Result "1/2-1/2"]
[WhiteElo "2284"]
[BlackElo "1994"]
[PlyCount "110"]
[EventDate "2013.??.??"]

1. b3 d5 2. Bb2 c5 3. e3 Nf6 4. f4 Nc6 5. Nf3 g6 6. Bb5 Bg7 7. Bxc6+ bxc6 8.
O-O O-O 9. d3 d4 10. Nbd2 Nd5 11. Nc4 Ba6 12. Nfd2 Bxc4 13. Nxc4 Nxe3 14. Nxe3
dxe3 15. Bxg7 Kxg7 16. Qf3 Qd4 17. Rae1 e5 18. fxe5 Qxe5 19. Rxe3 Qd4 20. Kh1
f5 21. Rfe1 Rae8 22. h3 Rxe3 23. Qxe3 Qxe3 24. Rxe3 Kf6 25. Kg1 a5 26. a4 g5
27. Kf2 Rd8 28. Re2 h5 29. g3 Rb8 30. Kf3 Rd8 31. Re3 Rg8 32. Kf2 Rd8 33. Ke2
Rd5 34. h4 gxh4 35. gxh4 Rd4 36. Re8 Rxh4 37. Ra8 Rh2+ 38. Kf3 Rxc2 39. Rxa5 h4
40. Ra6 Ke5 41. Rxc6 h3 42. Rh6 h2 43. Ke3 Rb2 44. a5 Rxb3 45. Rxh2 Ra3 46. Rh8
f4+ 47. Ke2 Rxa5 48. Kf3 Ra3 49. Re8+ Kd4 50. Rd8+ Ke5 51. Re8+ Kf5 52. Rf8+
Ke6 53. Rd8 Ra4 54. Re8+ Kd6 55. Re4 Ra3 1/2-1/2

[Event "KONIK MORSKI REWALA 2013<br>Miedzynarodo"]
[Site "<font size="]
[Date "2013.08.20"]
[Round "1.12"]
[White "Kucza, Karol"]
[Black "Tokarski, Lukasz"]
[Result "1-0"]
[WhiteElo "1989"]
[BlackElo "2270"]
[PlyCount "93"]
[EventDate "2013.??.??"]

1. e4 c5 2. Nf3 e6 3. d4 cxd4 4. Nxd4 a6 5. Bd3 Qc7 6. O-O Nc6 7. Nxc6 dxc6 8.
Nd2 e5 9. Nc4 Bc5 10. Qh5 Bd4 11. c3 g6 12. Qh4 Ba7 13. Bg5 b5 14. Bf6 bxc4 15.
Bxh8 cxd3 16. Qxh7 Ne7 17. Bf6 Bb8 18. Qh8+ Kd7 19. Rad1 Qd6 20. Bxe7 Qxe7 21.
Rxd3+ Kc7 22. Rfd1 Bg4 23. R1d2 Kb7 24. c4 Bd6 25. Qg7 Bc5 26. h3 Bc8 27. Rf3
f5 28. Qxe7+ Bxe7 29. exf5 gxf5 30. Rg3 Bc5 31. Rg7+ Kb6 32. Rd8 Bb7 33. Rxa8
Bxa8 34. h4 Bd4 35. Rg8 Bb7 36. h5 e4 37. b3 c5 38. Kf1 f4 39. h6 f3 40. gxf3
exf3 41. h7 Be4 42. h8=Q Bxh8 43. Rxh8 Bb1 44. Ke1 Bxa2 45. Kd2 Bb1 46. Rh6+
Kb7 47. Rh4 1-0

[Event "KONIK MORSKI REWALA 2013<br>Miedzynarodo"]
[Site "<font size="]
[Date "2013.08.20"]
[Round "1.13"]
[White "Musialkiewicz, Jan"]
[Black "Kamieniecki, Tomasz"]
[Result "1/2-1/2"]
[WhiteElo "2266"]
[BlackElo "1974"]
[PlyCount "95"]
[EventDate "2013.??.??"]

1. e4 Nf6 2. e5 Nd5 3. d4 d6 4. c4 Nb6 5. f4 Bf5 6. Nc3 e6 7. Nf3 dxe5 8. fxe5
Be7 9. Be3 Nc6 10. d5 exd5 11. cxd5 Nb4 12. Nd4 Bd7 13. e6 fxe6 14. dxe6 Bc6
15. Nxc6 Qxd1+ 16. Rxd1 Nc2+ 17. Kd2 Nxe3 18. Kxe3 bxc6 19. g3 Bf6 20. Bg2 Ke7
21. Bxc6 Rad8 22. Nb5 Nc4+ 23. Ke2 Nxb2 24. Rxd8 Rxd8 25. Bd7 Na4 26. Nxa7 Nc3+
27. Kd3 Ra8 28. Nc6+ Kd6 29. Rf1 Ra3 30. Kc2 Nd5 31. Kb1 Nc3+ 32. Kc2 Rxa2+ 33.
Kb3 Rxh2 34. Rxf6 gxf6 35. Kxc3 Rh3 36. Na7 Rxg3+ 37. Kc4 Rg8 38. Kb5 c5 39.
Nc8+ Kc7 40. Kxc5 Rg5+ 41. Kd4 Rg7 42. Ke4 h5 43. Kf5 h4 44. Kxf6 Rxd7 45. exd7
Kxd7 46. Ne7 h3 47. Nf5 h2 48. Ng3 1/2-1/2

[Event "KONIK MORSKI REWALA 2013<br>Miedzynarodo"]
[Site "<font size="]
[Date "2013.08.20"]
[Round "1.14"]
[White "Zombirt, Filip"]
[Black "Polok, Kacper"]
[Result "1/2-1/2"]
[WhiteElo "1964"]
[BlackElo "2213"]
[PlyCount "82"]
[EventDate "2013.??.??"]

1. d4 Nf6 2. c4 c5 3. d5 b5 4. cxb5 a6 5. bxa6 Bxa6 6. Nc3 g6 7. g3 d6 8. Bg2
Bg7 9. Nf3 O-O 10. O-O Nbd7 11. Rb1 Ng4 12. h3 Nge5 13. Nxe5 Nxe5 14. b3 Qc7
15. Bb2 Rfb8 16. Qc2 Qa5 17. f4 Nd7 18. Na4 Bxb2 19. Rxb2 Rb4 20. Rfb1 Rab8 21.
a3 R4b7 22. Qc3 Qc7 23. Qd2 Bb5 24. Nc3 Qa5 25. Nxb5 Qxd2 26. Rxd2 Rxb5 27. b4
Ra8 28. Rb3 Nb6 29. Rc2 Ra4 30. e4 cxb4 31. Bf1 Rc5 32. Rxc5 dxc5 33. axb4 Rxb4
34. Rc3 Na4 35. Rc4 Rxc4 36. Bxc4 Nb6 37. Bb3 c4 38. Bc2 f5 39. exf5 Nxd5 40.
Kf2 Nb4 41. Be4 c3 1/2-1/2

[Event "KONIK MORSKI REWALA 2013<br>Miedzynarodo"]
[Site "<font size="]
[Date "2013.08.20"]
[Round "1.15"]
[White "Marusenko, Petr"]
[Black "Spicak, Krzysztof"]
[Result "1-0"]
[WhiteElo "2192"]
[BlackElo "1962"]
[PlyCount "185"]
[EventDate "2013.??.??"]

1. d4 e6 2. e4 d5 3. Nc3 Bb4 4. exd5 exd5 5. Bd3 Nc6 6. Be3 Nge7 7. Qf3 Be6 8.
Nge2 Qd7 9. O-O Bg4 10. Qg3 Bd6 11. Bf4 Bxf4 12. Qxf4 O-O 13. Ng3 f6 14. h3 Be6
15. Rfe1 g5 16. Qe3 Bf7 17. Bb5 Rae8 18. Na4 Nf5 19. Qc3 Nxg3 20. Qxg3 Qd6 21.
Qc3 Rxe1+ 22. Rxe1 Re8 23. Rd1 Re7 24. Bxc6 Qxc6 25. Qxc6 bxc6 26. Kf1 Kf8 27.
Rd3 Bg6 28. Rc3 Re4 29. Rd3 Re7 30. Rd2 Bf5 31. Nc5 Re8 32. c3 h5 33. Re2 Rc8
34. Ke1 Kf7 35. Kd2 Rb8 36. Kc1 h4 37. f3 Rb6 38. b4 Bc8 39. Rb2 Ba6 40. f4 Bc8
41. fxg5 fxg5 42. Nd3 Bf5 43. Rf2 Ke6 44. Nc5+ Kf6 45. Nd7+ Kg6 46. Nxb6 cxb6
47. a4 a6 48. a5 b5 49. Kd2 Kf6 50. Ke2 Kg6 51. Kf1 Kf6 52. Kg1 Kg6 53. Re2 Be4
54. Kf2 Kf5 55. g4+ Ke6 56. Kg1 Ke7 57. Re1 Kf7 58. Kf2 Ke6 59. Re2 Kd6 60. Ke3
Ke6 61. Rf2 Ke7 62. Rf1 Bc2 63. Kf2 Be4 64. Kg1 Bd3 65. Rf2 Be4 66. Rf1 Bd3 67.
Rd1 Be4 68. Kf2 Kf7 69. Ke3 Kf6 70. Rd2 Ke6 71. Rb2 Kd6 72. Ra2 Ke7 73. Kf2 Bb1
74. Re2+ Be4 75. Rxe4+ dxe4 76. Ke3 Kd6 77. Kxe4 Ke6 78. Ke3 Kd6 79. Ke2 Ke6
80. Kd2 Kd6 81. Ke3 Ke7 82. Kd3 Kd7 83. c4 bxc4+ 84. Kxc4 Kd6 85. Kc3 Kc7 86.
Kd3 Kd7 87. Kd2 Kd8 88. Ke2 Kd7 89. Kd3 Ke7 90. d5 Kd6 91. dxc6 Kc7 92. Ke4
Kxc6 93. Kf5 1-0

[Event "KONIK MORSKI REWALA 2013<br>Miedzynarodo"]
[Site "<font size="]
[Date "2013.08.20"]
[Round "1.16"]
[White "Kiolbasa, Oliwia"]
[Black "Musialkiewicz, Pawel"]
[Result "0-1"]
[WhiteElo "1955"]
[BlackElo "2191"]
[PlyCount "82"]
[EventDate "2013.??.??"]

1. e4 e6 2. d4 d5 3. Nc3 Nf6 4. Bg5 Bb4 5. e5 h6 6. Bd2 Bxc3 7. bxc3 Ne4 8. Bd3
Nxd2 9. Qxd2 c5 10. Nf3 c4 11. Be2 Bd7 12. O-O Nc6 13. h3 Qe7 14. Rab1 O-O-O
15. Qc1 f5 16. Nd2 g5 17. Bxc4 dxc4 18. Nxc4 Kb8 19. Qb2 Bc8 20. Qb5 Qc7 21.
Nd6 Rhg8 22. Rb3 Rg7 23. Rfb1 Rxd6 24. exd6 Qxd6 25. Rd1 g4 26. h4 g3 27. f3
Rc7 28. Kf1 Qf4 29. Ke2 Qxh4 30. Kd2 Qf4+ 31. Ke2 Qg5 32. a4 Qf4 33. Qd3 b6 34.
Rdb1 Na5 35. Rb4 Bb7 36. Kd1 Bd5 37. Qd2 Qh4 38. Rb5 Nc4 39. Qe1 Na3 40. a5
Nxb1 41. Rxb1 Kb7 0-1

[Event "KONIK MORSKI REWALA 2013<br>Miedzynarodo"]
[Site "<font size="]
[Date "2013.08.20"]
[Round "1.17"]
[White "Jacek, Krystian"]
[Black "Mucha, Magdalena"]
[Result "1-0"]
[WhiteElo "2166"]
[BlackElo "1955"]
[PlyCount "87"]
[EventDate "2013.??.??"]

1. e4 c5 2. Nf3 Nc6 3. d4 cxd4 4. Nxd4 Nf6 5. Nc3 e5 6. Ndb5 h6 7. Nd6+ Bxd6 8.
Qxd6 Qe7 9. Qxe7+ Kxe7 10. Be3 d6 11. O-O-O Be6 12. f3 Rhd8 13. a3 Kf8 14. Nb5
d5 15. exd5 Rxd5 16. Rxd5 Nxd5 17. Bc5+ Kg8 18. c4 Nf6 19. b3 Bd7 20. Kb2 b6
21. Be3 Nd8 22. Nc3 Ne6 23. Bd3 Bc6 24. b4 Rd8 25. Rd1 Kf8 26. a4 Ke7 27. a5
Nd7 28. Be4 Bxe4 29. Nxe4 bxa5 30. bxa5 Rb8+ 31. Kc3 Rb7 32. Nd6 Rb8 33. Bxa7
Ra8 34. Nb5 Nd8 35. Bb6 Nc6 36. Nc7 Rb8 37. Nd5+ Ke6 38. c5 Nd4 39. Nc7+ Ke7
40. a6 Rc8 41. a7 Nb5+ 42. Kb4 Nxc7 43. Bxc7 Ke8 44. Rxd7 1-0

[Event "KONIK MORSKI REWALA 2013<br>Miedzynarodo"]
[Site "<font size="]
[Date "2013.08.20"]
[Round "1.18"]
[White "Gawiec, Konrad"]
[Black "Lach, Aleksandra"]
[Result "1/2-1/2"]
[WhiteElo "1947"]
[BlackElo "2161"]
[PlyCount "73"]
[EventDate "2013.??.??"]

1. e4 c5 2. Nf3 d6 3. d4 cxd4 4. Qxd4 Nc6 5. Bb5 Bd7 6. Bxc6 Bxc6 7. Bg5 Nf6 8.
Bxf6 gxf6 9. Nc3 Rg8 10. g3 f5 11. Qe3 Bg7 12. Nd4 Bxd4 13. Qxd4 fxe4 14. O-O-O
Qb6 15. Qxb6 axb6 16. Rhe1 f5 17. a3 O-O-O 18. Nd5 Bxd5 19. Rxd5 e6 20. Rb5 Kc7
21. Re3 d5 22. Rc3+ Kb8 23. Rxb6 Rg6 24. Rcc6 Re8 25. Kd2 Rf6 26. a4 f4 27.
gxf4 Rxf4 28. Ke3 Rf3+ 29. Kd4 Rxf2 30. Rxe6 Rd2+ 31. Kc3 Rxe6 32. Rxe6 Rxh2
33. Re5 d4+ 34. Kxd4 Rxc2 35. b4 Rb2 36. Kc3 Re2 37. Rh5 1/2-1/2

[Event "KONIK MORSKI REWALA 2013<br>Miedzynarodo"]
[Site "<font size="]
[Date "2013.08.20"]
[Round "1.19"]
[White "Smola, Michal"]
[Black "Smal, Tobiasz"]
[Result "1/2-1/2"]
[WhiteElo "2160"]
[BlackElo "1928"]
[PlyCount "58"]
[EventDate "2013.??.??"]

1. e4 c5 2. Nf3 d6 3. d4 cxd4 4. Nxd4 Nf6 5. Nc3 a6 6. Be2 e5 7. Nf5 Bxf5 8.
exf5 d5 9. Bg5 Bb4 10. Bxf6 gxf6 11. O-O Bxc3 12. bxc3 Nc6 13. c4 dxc4 14. Bxc4
Qxd1 15. Rfxd1 Ke7 16. Rab1 b5 17. Bd5 Rac8 18. c3 Rhd8 19. a4 Nd4 20. cxd4
Rxd5 21. axb5 axb5 22. dxe5 Rxd1+ 23. Rxd1 fxe5 24. g4 Rc4 25. f3 b4 26. Rd5 e4
27. fxe4 Rxe4 28. h3 Kf6 29. Kf2 Rc4 1/2-1/2

[Event "KONIK MORSKI REWALA 2013<br>Miedzynarodo"]
[Site "<font size="]
[Date "2013.08.20"]
[Round "1.20"]
[White "Karwowski, Kacper"]
[Black "Kaczmarek, Aleksander"]
[Result "1/2-1/2"]
[WhiteElo "1904"]
[BlackElo "2147"]
[PlyCount "73"]
[EventDate "2013.??.??"]

1. e4 c6 2. d4 d5 3. exd5 cxd5 4. c4 Nf6 5. Nc3 Nc6 6. Nf3 e6 7. cxd5 Nxd5 8.
Bd3 Be7 9. O-O O-O 10. Re1 Bf6 11. Be4 h6 12. Qb3 Na5 13. Qc2 b6 14. Nxd5 exd5
15. Bf5 Nc4 16. b3 Nd6 17. Bd3 Bd7 18. Bf4 Rc8 19. Qb2 Ne4 20. Be5 Bf5 21. Nd2
Bxe5 22. dxe5 Qh4 23. g3 Nxd2 24. Qxd2 Qd4 25. Rad1 Qxd3 26. Qxd3 Bxd3 27. Rxd3
Rc2 28. a4 Rd8 29. Red1 Rc5 30. Rd4 a5 31. b4 axb4 32. Rxb4 Ra8 33. Rxb6 Rxa4
34. Rd6 d4 35. R6xd4 Rxd4 36. Rxd4 Rxe5 37. Kg2 1/2-1/2

[Event "KONIK MORSKI REWALA 2013<br>Miedzynarodo"]
[Site "<font size="]
[Date "2013.08.20"]
[Round "1.21"]
[White "Brzezinski, Mateusz"]
[Black "Wisniewski, Michal"]
[Result "1/2-1/2"]
[WhiteElo "2137"]
[BlackElo "1876"]
[PlyCount "76"]
[EventDate "2013.??.??"]

1. Nf3 Nf6 2. g3 d5 3. d4 e6 4. c4 c5 5. cxd5 exd5 6. Bg2 Be7 7. Nc3 Nc6 8. O-O
O-O 9. Bg5 Be6 10. dxc5 Bxc5 11. Bxf6 Qxf6 12. Nxd5 Qxb2 13. Nc7 Rad8 14. Qc1
Qxc1 15. Raxc1 Be7 16. Nxe6 fxe6 17. Rc4 Bf6 18. Re4 Kf7 19. Rc1 Rd6 20. e3
Rfd8 21. Rc2 a5 22. h4 h6 23. Bh3 R8d7 24. Rc5 Re7 25. g4 Rd5 26. Rxd5 exd5 27.
Rf4 Re4 28. Rxe4 dxe4 29. Nd2 Bxh4 30. Nxe4 Be7 31. Bf1 Ne5 32. Be2 b5 33. f4
Nc4 34. Kf2 Na3 35. Bd3 b4 36. Nd2 a4 37. Kf3 Bf6 38. Nc4 Nxc4 1/2-1/2

[Event "KONIK MORSKI REWALA 2013<br>Miedzynarodo"]
[Site "<font size="]
[Date "2013.08.20"]
[Round "1.22"]
[White "Blaszkiewicz, Mateusz"]
[Black "Reza, Wojciech"]
[Result "0-1"]
[WhiteElo "1833"]
[BlackElo "2135"]
[PlyCount "80"]
[EventDate "2013.??.??"]

1. e4 c5 2. Nf3 e6 3. c3 Nf6 4. e5 Nd5 5. d4 cxd4 6. cxd4 d6 7. Bb5+ Bd7 8.
Bxd7+ Nxd7 9. exd6 Bxd6 10. O-O Rc8 11. Nbd2 O-O 12. Ne4 Bb8 13. Qb3 Qb6 14.
Qxb6 axb6 15. b3 Rc2 16. Bd2 Rfc8 17. g3 h6 18. Rfc1 f5 19. Nc3 R2xc3 20. Bxc3
Rxc3 21. Rxc3 Nxc3 22. Kf1 Kf7 23. a4 Nd5 24. Ke2 Ke7 25. Rc1 Bc7 26. Kd3 g5
27. Nd2 N7f6 28. f3 Nb4+ 29. Kc4 Nfd5 30. Nb1 Nc6 31. Nd2 h5 32. Re1 h4 33. Rg1
Bd6 34. gxh4 gxh4 35. Rg7+ Kf6 36. Rh7 Kg5 37. Nf1 Be7 38. Kd3 Kf4 39. Nd2
Ndb4+ 40. Kc3 Bf6 0-1

[Event "KONIK MORSKI REWALA 2013<br>Miedzynarodo"]
[Site "<font size="]
[Date "2013.08.20"]
[Round "1.23"]
[White "Janus, Przemyslaw"]
[Black "Wacior, Maciej"]
[Result "1/2-1/2"]
[WhiteElo "2121"]
[BlackElo "1797"]
[PlyCount "125"]
[EventDate "2013.??.??"]

1. d4 d5 2. c4 c6 3. Nf3 Nf6 4. Qc2 dxc4 5. Qxc4 Bf5 6. g3 e6 7. Bg2 Be7 8. O-O
O-O 9. Nc3 Nbd7 10. Qb3 Qb6 11. Qxb6 Nxb6 12. Bg5 h6 13. Bxf6 Bxf6 14. Rfd1
Rfd8 15. Rac1 Rac8 16. e3 Nd5 17. Na4 Nb4 18. a3 Bc2 19. Rxc2 Nxc2 20. Rc1 Nxd4
21. exd4 Bxd4 22. Nxd4 Rxd4 23. Nc5 b6 24. Ne4 c5 25. Kf1 Rcd8 26. Ke1 f5 27.
Nc3 Rd2 28. Rd1 Rxd1+ 29. Nxd1 Kf7 30. Nc3 Kf6 31. Ke2 g5 32. Nb5 a5 33. Nc3 h5
34. Bc6 Ke5 35. b3 h4 36. Bb5 hxg3 37. hxg3 Kd4 38. Nd1 f4 39. gxf4 gxf4 40. a4
e5 41. Bc4 e4 42. Kd2 Rh8 43. Nc3 e3+ 44. fxe3+ fxe3+ 45. Kc2 Rh2+ 46. Ne2+ Ke4
47. Kd1 Kf3 48. Bd5+ Kf2 49. Nc3 Rh4 50. Ne2 Rh6 51. Bc4 Rd6+ 52. Kc1 Ke1 53.
Nc3 Rd4 54. Kc2 Kf2 55. Nd1+ Kf3 56. Nc3 Rd8 57. Be2+ Kf2 58. Bc4 Rd2+ 59. Kc1
e2 60. Nxe2 Rxe2 61. Bxe2 Kxe2 62. Kc2 Ke1 63. Kc1 1/2-1/2

[Event "KONIK MORSKI REWALA 2013<br>Miedzynarodo"]
[Site "<font size="]
[Date "2013.08.20"]
[Round "1.24"]
[White "Gabryjalowicz, Jakub"]
[Black "Pietocha, Pawel"]
[Result "1/2-1/2"]
[WhiteElo "1781"]
[BlackElo "2118"]
[PlyCount "41"]
[EventDate "2013.??.??"]

1. e4 g6 2. d4 Bg7 3. e5 d6 4. exd6 cxd6 5. Nf3 Nf6 6. Bc4 O-O 7. O-O d5 8. Bd3
Bg4 9. h3 Bxf3 10. Qxf3 Nc6 11. c3 e5 12. dxe5 Nxe5 13. Qd1 Qb6 14. Qc2 d4 15.
Rd1 Rac8 16. Qb3 Rfd8 17. Qxb6 axb6 18. Bf4 Nxd3 19. Rxd3 Nd5 20. Bd2 Ne7 21.
Na3 1/2-1/2

[Event "KONIK MORSKI REWALA 2013<br>Miedzynarodo"]
[Site "<font size="]
[Date "2013.08.20"]
[Round "1.25"]
[White "Guzik, Jolanta"]
[Black "Marczuk, Anna"]
[Result "1/2-1/2"]
[WhiteElo "2100"]
[BlackElo "1780"]
[PlyCount "87"]
[EventDate "2013.??.??"]

1. c4 Nf6 2. Nc3 g6 3. e4 d6 4. g3 Bg7 5. Bg2 O-O 6. Nge2 e5 7. O-O Nc6 8. h3
Nd7 9. d3 Nc5 10. f4 f5 11. Rb1 a5 12. a3 a4 13. Be3 Nd4 14. exf5 Bxf5 15. Ne4
Ncb3 16. Nxd4 exd4 17. Bf2 c6 18. Re1 h6 19. Bf1 Qd7 20. Kh2 d5 21. cxd5 Qxd5
22. Qc2 Kh8 23. Bg2 Qd7 24. Re2 Rac8 25. Rbe1 Rfe8 26. g4 Be6 27. Nc5 Nxc5 28.
Qxc5 Rcd8 29. Bh4 Rb8 30. Bg3 Rbd8 31. Be4 Bf7 32. f5 g5 33. Kg1 Bf6 34. Qa5
Bb3 35. Qa7 Ra8 36. Qb6 Rad8 37. Qc5 Bf7 38. Qa7 Ra8 39. Qb6 Bb3 40. Qc5 Rad8
41. Qc1 Re7 42. Qc5 Ree8 43. Qa5 Ra8 44. Qc5 1/2-1/2